| 000 | 00626nam a2200205Ia 4500 | ||
|---|---|---|---|
| 001 | 23542 | ||
| 003 | GE_BSU | ||
| 008 | 181216s||||||||xx |||||||||||||| ||und|| | ||
| 040 | _cGE_BSU | ||
| 245 | _aДипломатическая служба. №4. (79) 2018. | ||
| 245 | _bНаучно-практический журнал | ||
| 245 | _cГл. ред. Винокуров В. И. | ||
| 260 | _aмосква | ||
| 260 | _c2018г | ||
| 300 | _a103p. 29cm. | ||
| 653 | _aДипломатическая служба. №4. (79) 2018. | ||
| 653 | _aПериодика | ||
| 653 | _aპერიოდიკა | ||
| 942 | _cCR | ||
| 999 |
_c56429 _d56429 |
||